[Event "NOR-ch Class4"]
[Site "Oslo"]
[Date "2015.07.06"]
[Round "4"]
[White "Nilsen, Helmer"]
[Black "Munk, Peter Scott"]
[Result "1-0"]
[WhiteElo "1162"]
[BlackElo "1007"]
[PlyCount "73"]
[EventDate "2015.07.04"]
[EventType "swiss"]
[EventRounds "9"]
[EventCountry "NOR"]
[SourceTitle "EXT 2017"]
[Source "ChessBase"]
[SourceDate "2016.10.25"]
[SourceVersion "1"]
[SourceVersionDate "2016.10.25"]
[SourceQuality "1"]

1. d4 Nf6 2. c4 e5 3. d5 Bc5 4. e3 0-0 5. Nf3 d6 6. Qc2 Re8 7. Nc3 Bg4 8. Be2 Nbd7 9. 0-0 Bb4 10. a3 Bxc3 11. bxc3 e4 12. Nd4 Bxe2 13. Qxe2 Ne5 14. f3 Qd7 15. h3 Qa4 16. Rb1 b6 17. fxe4 Nxe4 18. Rb4 Qd7 19. Rf4 Nc5 20. Rh4 Ng6 21. Rh5 Ne4 22. Qf3 Nf6 23. Rg5 h6 24. Rxg6 fxg6 25. Ne6 c6 26. e4 g5 27. h4 Qf7 28. hxg5 hxg5 29. Nxg5 Qg6 30. c5 dxc5 31. Rc4 cxd5 32. exd5 Rad8 33. Rh4 Re1+ 34. Kh2 Rxc1 35. Qh3 Qxg5 36. Qe6+ Kf8 37. Rh8+ 1-0